<?xml version="1.0" encoding="UTF-8"?>
<record
    xmlns:xsi="http://www.w3.org/2001/XMLSchema-instance"
    xsi:schemaLocation="http://www.loc.gov/MARC21/slim http://www.loc.gov/standards/marcxml/schema/MARC21slim.xsd"
    xmlns="http://www.loc.gov/MARC21/slim">

  <leader>00358nam a22000977a 4500</leader>
  <controlfield tag="008">140422b        xxu||||| |||| 00| 0 eng d</controlfield>
  <datafield tag="020" ind1=" " ind2=" ">
    <subfield code="a">978527318520</subfield>
    <subfield code="c">Available</subfield>
  </datafield>
  <datafield tag="050" ind1=" " ind2=" ">
    <subfield code="a">615.1078MAN</subfield>
    <subfield code="b">002308</subfield>
  </datafield>
  <datafield tag="245" ind1=" " ind2=" ">
    <subfield code="a">Molecular Descriptors for Chemoinformatics Volume : II Appendics,Bibliography</subfield>
    <subfield code="c">Mannhold.R</subfield>
    <subfield code="h">English</subfield>
  </datafield>
  <datafield tag="260" ind1=" " ind2=" ">
    <subfield code="a">Germany</subfield>
    <subfield code="b">Wiley-Vch Verlag GmbH &amp; Co KGaA</subfield>
    <subfield code="c">2009</subfield>
  </datafield>
  <datafield tag="999" ind1=" " ind2=" ">
    <subfield code="c">23842</subfield>
    <subfield code="d">23842</subfield>
  </datafield>
  <datafield tag="952" ind1=" " ind2=" ">
    <subfield code="0">0</subfield>
    <subfield code="1">0</subfield>
    <subfield code="2">ddc</subfield>
    <subfield code="4">0</subfield>
    <subfield code="7">0</subfield>
    <subfield code="a">CL</subfield>
    <subfield code="b">CL</subfield>
    <subfield code="c">GEN</subfield>
    <subfield code="d">2014-04-22</subfield>
    <subfield code="l">0</subfield>
    <subfield code="o">615.1078MAN</subfield>
    <subfield code="p">RCMS002308</subfield>
    <subfield code="r">2014-04-22</subfield>
    <subfield code="w">2014-04-22</subfield>
    <subfield code="y">BK</subfield>
  </datafield>
</record>
